[Event "Camp. Arg. 83 - Semifinal (La Plata)"]
[Site "Calle 46 - No. 581 (La Plata)"]
[Date "2008.??.??"]
[Round "6.13"]
[White "Scarzello, Alejandro"]
[Black "Tenti, Joaquin"]
[Result "1-0"]
[WhiteElo "2050"]
[BlackElo "2145"]
[PlyCount "79"]
[EventDate "2008.07.21"]

1. e4 c5 2. Nf3 e6 3. d4 cxd4 4. Nxd4 a6 5. Bd3 Bc5 6. Nb3 Ba7 7. O-O Nc6 8. c4
d6 9. Nc3 Nge7 10. Kh1 e5 11. Bg5 Be6 12. Nd5 Bxd5 13. exd5 Nd4 14. Nxd4 Bxd4
15. Qh5 Qd7 16. f4 g6 17. Qh4 f5 18. Rae1 Qc7 19. b4 Kf7 20. Bf6 Rhg8 21. fxe5
Bxe5 22. Bxe5 dxe5 23. Qg3 Kf6 24. Qh4+ Kg7 25. Bc2 Rae8 26. Bb3 a5 27. c5 axb4
28. d6 Qxc5 29. dxe7 Rxe7 30. Bxg8 Kxg8 31. Rc1 Qd6 32. Qh6 Rc7 33. Rcd1 Qe7
34. Qd2 e4 35. Qd5+ Kg7 36. Qd4+ Kh6 37. Rb1 e3 38. h3 Rc3 39. Rf3 e2 40. Rxc3
1-0

[Event "Camp. Arg. 83 - Semifinal (La Plata)"]
[Site "Calle 46 - No. 581 (La Plata)"]
[Date "2008.??.??"]
[Round "6.15"]
[White "Pacheco, Juan Jose"]
[Black "Sampaoli, Cristian"]
[Result "0-1"]
[WhiteElo "2091"]
[BlackElo "2201"]
[PlyCount "102"]
[EventDate "2008.07.21"]

1. e4 c5 2. Nf3 e6 3. c3 Nf6 4. e5 Nd5 5. d4 cxd4 6. Bc4 Nb6 7. Bb3 d6 8. O-O
Bd7 9. cxd4 Bc6 10. Nc3 Be7 11. Re1 O-O 12. Bc2 dxe5 13. Nxe5 g6 14. Bh6 Re8
15. Qg4 f5 16. Qg3 Bh4 17. Qe3 Nd5 18. Nxd5 Bxd5 19. Nf3 Bf6 20. Bg5 Bxf3 21.
Bxf6 Qxf6 22. Qxf3 Nc6 23. Bb3 Nxd4 24. Qxb7 Rab8 25. Qxa7 Nxb3 26. axb3 Rxb3
27. Qd7 Qe7 28. Qxe7 Rxe7 29. Re2 Kf7 30. h3 Reb7 31. Rb1 Kf6 32. f3 g5 33. Rc2
h5 34. Re2 R7b5 35. Rc2 h4 36. Re2 e5 37. Rc2 e4 38. fxe4 fxe4 39. Re1 Ke5 40.
Ree2 Kd4 41. Rc8 Rd5 42. Re8 e3 43. g3 Re5 44. Rd8+ Ke4 45. Kg2 Rd3 46. Rf8 Rd2
47. Kf1 hxg3 48. Re1 Rf2+ 49. Rxf2 gxf2 50. Rd1 Kf3 51. Rd3 Rd5 0-1

[Event "Camp. Arg. 83 - Semifinal (La Plata)"]
[Site "Calle 46 - No. 581 (La Plata)"]
[Date "2008.??.??"]
[Round "6.16"]
[White "Mavrich, Leandro"]
[Black "Amed, Stephanie"]
[Result "1/2-1/2"]
[WhiteElo "2192"]
[BlackElo "2099"]
[PlyCount "122"]
[EventDate "2008.07.21"]

1. Nf3 Nf6 2. g3 g6 3. Bg2 Bg7 4. O-O O-O 5. d3 d6 6. e4 e5 7. h3 h6 8. Be3 c6
9. c4 Qa5 10. Nc3 b5 11. a3 a6 12. b4 Qc7 13. a4 bxc4 14. dxc4 Be6 15. Nd2 Nfd7
16. Rc1 f5 17. f4 Nf6 18. Nd5 Qf7 19. Nxf6+ Qxf6 20. exf5 gxf5 21. fxe5 dxe5
22. Ne4 Qg6 23. Nc5 Qxg3 24. Nxe6 Qxe3+ 25. Kh1 Rf7 26. Qd8+ Kh7 27. c5 e4 28.
Qe8 Raa7 29. Qxb8 Rab7 30. Qf4 Qxf4 31. Rxf4 Be5 32. Rff1 Rf6 33. Rxf5 Rxe6 34.
Bxe4 Kh8 35. Bd3 Bg7 36. b5 axb5 37. axb5 cxb5 38. c6 Rc7 39. Rxb5 Bd4 40. Rd5
Bf6 41. Bb5 Re5 42. Rxe5 Bxe5 43. Bd3 Bd4 44. Bf5 Kg7 45. Bd7 Kf6 46. Re1 Be5
47. Kg2 Ra7 48. Kf3 Ra4 49. Ke3 Ke7 50. Kd3 Kd6 51. Kc2 Rb4 52. Rg1 Rf4 53. Kb3
Kc7 54. Rg8 Kb6 55. Rd8 Bc7 56. Kc3 Kc5 57. Kd3 Kb6 58. Ke3 Ra4 59. Kf3 Rf4+
60. Ke3 Ra4 61. Rh8 Rh4 1/2-1/2

[Event "Camp. Arg. 83 - Semifinal (La Plata)"]
[Site "Calle 46 - No. 581 (La Plata)"]
[Date "2008.07.26"]
[Round "6.18"]
[White "Pereyra, Horacio"]
[Black "Bibiloni, Jorge"]
[Result "1-0"]
[WhiteElo "2001"]
[BlackElo "2153"]
[PlyCount "137"]
[EventDate "2008.07.21"]

1. e4 e5 2. Nf3 d6 3. d4 Nd7 4. Bc4 c6 5. c3 b5 6. Bb3 Be7 7. O-O h6 8. Qe2
Ngf6 9. Nbd2 Qc7 10. Re1 a6 11. a4 O-O 12. Nf1 Re8 13. Ng3 Bf8 14. Bd2 Bb7 15.
dxe5 dxe5 16. axb5 cxb5 17. Nh4 Nc5 18. Bc2 Rad8 19. Rad1 Ne6 20. Nhf5 Nf4 21.
Qf3 Bc5 22. Ne2 Nxe2+ 23. Rxe2 Bc8 24. Nxh6+ gxh6 25. Qxf6 Rd6 26. Qh4 Rg6 27.
h3 Kh7 28. Be3 Reg8 29. g3 Be7 30. Qh5 Be6 31. Kh2 f6 32. Rg1 Qc8 33. f4 Bc4
34. Rf2 Bc5 35. Qf3 Bxe3 36. Qxe3 Re8 37. Rd2 Rd8 38. Rxd8 Qxd8 39. Rd1 Qc7 40.
f5 Rg7 41. Qd2 a5 42. Qd6 Qa7 43. Qd2 a4 44. Kg2 a3 45. bxa3 Qxa3 46. Bd3 Rd7
47. Qe2 Qxc3 48. Bxc4 Rxd1 49. Qxd1 Qxc4 50. Qd7+ Kh8 51. Qe8+ Qg8 52. Qxb5
Qa2+ 53. Kf3 Kg7 54. Qd7+ Kf8 55. Qd8+ Kf7 56. Qd5+ Qxd5 57. exd5 Ke7 58. g4
Kd6 59. Ke4 Kc7 60. h4 Kd6 61. g5 fxg5 62. hxg5 hxg5 63. f6 g4 64. Ke3 Kd7 65.
Kf2 e4 66. Kg3 e3 67. Kg2 Ke8 68. d6 e2 69. Kf2 1-0

[Event "Camp. Arg. 83 - Semifinal (La Plata)"]
[Site "Calle 46 - No. 581 (La Plata)"]
[Date "2008.??.??"]
[Round "6.19"]
[White "Restuccia, Francisco"]
[Black "Cirulli, Diego"]
[Result "1-0"]
[WhiteElo "2148"]
[BlackElo "1984"]
[PlyCount "51"]
[EventDate "2008.07.21"]

1. e4 c5 2. d4 cxd4 3. c3 g6 4. cxd4 d5 5. e5 Bg7 6. Nc3 Nc6 7. Be3 f6 8. f4
Nh6 9. Nf3 Bg4 10. Qb3 Bxf3 11. Qxb7 Rc8 12. gxf3 Nf5 13. Bb5 O-O 14. Bxc6 Rc7
15. Qb5 Nxe3 16. Nxd5 Nc2+ 17. Kf2 Nxd4 18. Qc4 Nxc6 19. Nxc7+ Kh8 20. Qxc6
Qd2+ 21. Kg3 fxe5 22. Ne6 Rf5 23. Rag1 h6 24. Nxg7 Kxg7 25. Qc3 Qxf4+ 26. Kf2
1-0

[Event "Camp. Arg. 83 - Semifinal (La Plata)"]
[Site "Calle 46 - No. 581 (La Plata)"]
[Date "2008.07.26"]
[Round "6.21"]
[White "Negri, Santiago"]
[Black "Sandrone, Mauricio"]
[Result "0-1"]
[WhiteElo "2133"]
[BlackElo "2062"]
[PlyCount "107"]
[EventDate "2008.07.21"]

1. d4 d5 2. c4 e6 3. Nc3 Be7 4. Nf3 Nf6 5. Bg5 O-O 6. e3 h6 7. Bh4 Ne4 8. Bxe7
Qxe7 9. cxd5 Nxc3 10. bxc3 exd5 11. Qb3 Rd8 12. c4 dxc4 13. Bxc4 Nc6 14. Be2
Rb8 15. O-O Bg4 16. Rac1 Rd6 17. d5 Bxf3 18. Bxf3 Ne5 19. Be2 Rg6 20. Qc3 c6
21. f4 Nd7 22. Bf3 cxd5 23. Bxd5 Nb6 24. Bf3 Rc8 25. Qb3 Re6 26. Rxc8+ Nxc8 27.
Qxb7 Qxb7 28. Bxb7 Nd6 29. Bd5 Rxe3 30. Rb1 Ne4 31. g3 Nf6 32. Rb8+ Re8 33.
Rxe8+ Nxe8 34. Kf2 Nf6 35. Bf3 Kf8 36. Ke3 Ke7 37. Kd4 Kd6 38. Kc4 Nd7 39. Bh5
g6 40. Bf3 g5 41. Bh5 f6 42. Bg4 Nc5 43. Bf5 gxf4 44. gxf4 Ne6 45. Bxe6 Kxe6
46. Kb5 Kf5 47. Ka6 Kxf4 48. Kxa7 Kg4 49. Kb6 f5 50. a4 f4 51. a5 f3 52. a6 f2
53. a7 f1=Q 54. a8=Q 0-1

[Event "Camp. Arg. 83 - Semifinal (La Plata)"]
[Site "Calle 46 - No. 581 (La Plata)"]
[Date "2008.??.??"]
[Round "6.25"]
[White "Sanchez, Cristian"]
[Black "Lottgering, Enrique"]
[Result "1-0"]
[WhiteElo "2065"]
[BlackElo "1760"]
[PlyCount "65"]
[EventDate "2008.07.21"]

1. e4 e5 2. Nf3 Nc6 3. Bb5 Bc5 4. c3 Nge7 5. d4 exd4 6. cxd4 Bb6 7. d5 Nb8 8.
O-O c6 9. Ba4 O-O 10. Bg5 f6 11. Bh4 Ng6 12. d6 Nxh4 13. Nxh4 Qe8 14. Qg4 Kh8
15. Bb3 Na6 16. Nc3 Bd4 17. Rad1 Bxc3 18. bxc3 Nc5 19. Bc2 Qe5 20. f4 Qxc3 21.
Bb1 b6 22. Qh5 Kg8 23. e5 Ne4 24. Rf3 Qc5+ 25. Kh1 f5 26. Nxf5 Rxf5 27. Qxf5
Nf2+ 28. Rxf2 Qxf2 29. Qxh7+ Kf8 30. Bg6 Qxa2 31. Qh8+ Qg8 32. Qh4 Qe6 33. Qd8+
1-0

[Event "Camp. Arg. 83 - Semifinal (La Plata)"]
[Site "Calle 46 - No. 581 (La Plata)"]
[Date "2008.??.??"]
[Round "6.26"]
[White "Epelboin, Matias"]
[Black "Barbarito, Damian"]
[Result "1/2-1/2"]
[WhiteElo "2038"]
[BlackElo "1751"]
[PlyCount "53"]
[EventDate "2008.07.21"]

1. e4 e6 2. d4 d5 3. Nd2 Nf6 4. e5 Nfd7 5. c3 c5 6. Bd3 Nc6 7. Ne2 f6 8. exf6
Nxf6 9. Nf3 cxd4 10. cxd4 Bd6 11. O-O O-O 12. Bg5 Qc7 13. Rc1 h6 14. Bh4 Ne4
15. Bg3 Nxg3 16. Nxg3 Bd7 17. Bb1 Be8 18. Nh4 Qe7 19. Ng6 Bxg6 20. Bxg6 Qg5 21.
Bb1 g6 22. Qd3 Rf6 23. Ne2 Raf8 24. Qe3 Qxe3 25. fxe3 Rxf1+ 26. Rxf1 Rxf1+ 27.
Kxf1 1/2-1/2

[Event "Camp. Arg. 83 - Semifinal (La Plata)"]
[Site "Calle 46 - No. 581 (La Plata)"]
[Date "2008.??.??"]
[Round "6.30"]
[White "Latrecchiana, Cristian"]
[Black "Ruiz, Francisco"]
[Result "1/2-1/2"]
[WhiteElo "1773"]
[BlackElo "1921"]
[PlyCount "117"]
[EventDate "2008.07.21"]

1. e4 d5 2. exd5 Qxd5 3. Nc3 Qa5 4. Nf3 Nf6 5. Be2 c6 6. O-O Bf5 7. d3 e6 8.
Bd2 Qc7 9. h3 Bd6 10. Re1 Nbd7 11. Bf1 O-O-O 12. Ne4 Bxe4 13. dxe4 h6 14. b4
Ne5 15. Qe2 Nxf3+ 16. gxf3 Bf4 17. Be3 Kb8 18. a4 Qe5 19. Bxf4 Qxf4 20. Qe3
Qg5+ 21. Kh2 Rd2 22. f4 Ng4+ 23. hxg4 Qh4+ 24. Kg2 Qxg4+ 25. Qg3 Qxg3+ 26. Kxg3
Rxc2 27. Red1 g5 28. Rd7 gxf4+ 29. Kxf4 Rxf2+ 30. Ke3 Rf6 31. Be2 h5 32. Rf1
Rxf1 33. Bxf1 f6 34. Bh3 e5 35. Kf3 Rg8 36. Rf7 h4 37. Bg4 Rd8 38. Rxf6 Rd3+
39. Kf2 h3 40. Rh6 Rd4 41. Rxh3 Rxb4 42. Bd1 Rxe4 43. Rh7 a5 44. Re7 Ka7 45.
Bf3 Rf4 46. Ke3 Kb6 47. Be4 Rf1 48. Rxe5 Ra1 49. Bc2 Re1+ 50. Kd4 Rxe5 51. Kxe5
Kc5 52. Bd1 b5 53. Ke4 Kb4 54. axb5 cxb5 55. Kd3 Ka3 56. Kc3 b4+ 57. Kc4 a4 58.
Kb5 b3 59. Ka5 1/2-1/2

[Event "Camp. Arg. 83 - Semifinal (La Plata)"]
[Site "Calle 46 - No. 581 (La Plata)"]
[Date "2008.07.26"]
[Round "7.1"]
[White "Pierrot, Facundo"]
[Black "Tristan, Leonardo"]
[Result "1/2-1/2"]
[WhiteElo "2421"]
[BlackElo "2366"]
[PlyCount "28"]
[EventDate "2008.07.21"]

1. e4 d5 2. exd5 Qxd5 3. Nc3 Qa5 4. d4 Nf6 5. Nf3 c6 6. Bc4 Bf5 7. Bd2 e6 8.
Ne2 Qd8 9. Ng3 Bg4 10. c3 Bd6 11. h3 Bxf3 12. Qxf3 Nbd7 13. Ne4 Nxe4 14. Qxe4
Nf6 1/2-1/2

[Event "Camp. Arg. 83 - Semifinal (La Plata)"]
[Site "Calle 46 - No. 581 (La Plata)"]
[Date "2008.07.26"]
[Round "7.2"]
[White "Duarte, Leonardo"]
[Black "Di Benedetto, Guillermo"]
[Result "0-1"]
[WhiteElo "2341"]
[BlackElo "2300"]
[PlyCount "96"]
[EventDate "2008.07.21"]

1. e4 c5 2. Nf3 Nc6 3. d4 cxd4 4. Nxd4 Nf6 5. Nc3 e5 6. Ndb5 d6 7. Bg5 a6 8.
Na3 b5 9. Nd5 Be7 10. Bxf6 Bxf6 11. c3 O-O 12. Nc2 Rb8 13. h4 Be7 14. Nce3 Be6
15. Qf3 Qd7 16. Rd1 Kh8 17. Nf5 Bd8 18. Be2 g6 19. Nfe3 f5 20. h5 g5 21. Nxf5
Bxf5 22. g4 Nd4 23. Rxd4 exd4 24. exf5 Qg7 25. O-O dxc3 26. bxc3 Bf6 27. Rd1
Be5 28. Rd3 a5 29. Bd1 b4 30. cxb4 axb4 31. Bb3 Qa7 32. Re3 Qd4 33. Re4 Qa1+
34. Kg2 Rbc8 35. Bc4 Qc1 36. Qd3 Qa3 37. Bb3 Qb2 38. Rxb4 Rb8 39. Re4 Rbc8 40.
Rb4 Rb8 41. Ra4 Ra8 42. Rxa8 Rxa8 43. Nc7 Rc8 44. Nd5 Bd4 45. Qf3 Re8 46. f6
Bxf2 47. Ne7 Bd4+ 48. Kh3 Be5 0-1

[Event "Camp. Arg. 83 - Semifinal (La Plata)"]
[Site "Calle 46 - No. 581 (La Plata)"]
[Date "2008.07.26"]
[Round "7.3"]
[White "Quiroga, Facundo"]
[Black "Alonso, Salvador"]
[Result "1/2-1/2"]
[WhiteElo "2339"]
[BlackElo "2437"]
[PlyCount "29"]
[EventDate "2008.07.21"]

1. d4 d5 2. c4 c6 3. Nf3 Nf6 4. Nc3 dxc4 5. a4 Bf5 6. e3 e6 7. Bxc4 Bb4 8. O-O
O-O 9. Nh4 Bg6 10. Nxg6 hxg6 11. Qe2 Nbd7 12. Rd1 Qe7 13. e4 e5 14. d5 a5 15.
Bg5 1/2-1/2

[Event "Camp. Arg. 83 - Semifinal (La Plata)"]
[Site "Calle 46 - No. 581 (La Plata)"]
[Date "2008.07.26"]
[Round "7.7"]
[White "Needleman, Alejandro"]
[Black "Torres, Sergio"]
[Result "1-0"]
[WhiteElo "2352"]
[BlackElo "2202"]
[PlyCount "101"]
[EventDate "2008.07.21"]

1. d4 Nf6 2. Nf3 e6 3. g3 c5 4. Bg2 Nc6 5. O-O cxd4 6. Nxd4 d5 7. c4 Bc5 8. Nb3
Be7 9. cxd5 exd5 10. Nc3 Be6 11. Be3 Rc8 12. Nc5 Ng4 13. Nxe6 fxe6 14. Bc1 h5
15. h3 Nge5 16. f4 Bc5+ 17. e3 Nc4 18. Qd3 Ne7 19. Kh2 h4 20. g4 Bd6 21. Nb5
Bb8 22. e4 Qb6 23. a4 a6 24. Nc3 O-O 25. exd5 e5 26. Kh1 exf4 27. d6 Ne5 28.
Nd5 Qxd6 29. Nxe7+ Qxe7 30. Qd5+ Kh8 31. Bxf4 Rfe8 32. Qxb7 Qd6 33. Rae1 Qd4
34. Qe4 Nd3 35. Bxb8 Nxe1 36. Rf8+ Rxf8 37. Qxd4 Rc1 38. Qe3 Rfc8 39. Kh2 Nxg2
40. Kxg2 Rxb8 41. Qe5 Rd8 42. Qa5 Rcd1 43. Qxa6 R1d2+ 44. Kf3 Rxb2 45. Kf4 Rb3
46. Kg5 Rxh3 47. Qb6 Rf8 48. a5 Ra3 49. Qc5 Raf3 50. Kxh4 R3f6 51. g5 1-0

[Event "Camp. Arg. 83 - Semifinal (La Plata)"]
[Site "Calle 46 - No. 581 (La Plata)"]
[Date "2008.07.26"]
[Round "7.8"]
[White "Calderon Fernandez, Gervasio Andres"]
[Black "Lohidoy, Bernardo"]
[Result "1-0"]
[WhiteElo "2303"]
[BlackElo "2091"]
[PlyCount "137"]
[EventDate "2008.07.21"]

1. d4 Nf6 2. c4 e6 3. Nc3 c5 4. d5 exd5 5. cxd5 d6 6. e4 g6 7. Nf3 Bg7 8. Bd3
O-O 9. h3 Re8 10. O-O a6 11. a4 Nbd7 12. Bf4 Qc7 13. Nd2 Ne5 14. Bxe5 Rxe5 15.
Nc4 Rh5 16. Be2 Rh4 17. f4 Nh5 18. Bxh5 Rxh5 19. Qf3 Rb8 20. a5 Bd7 21. e5 dxe5
22. fxe5 Bb5 23. Nxb5 axb5 24. Nd6 Rxe5 25. Nxb5 Qd7 26. Rad1 Qxb5 27. Qxf7+
Kh8 28. d6 Qe8 29. Qc7 Qd8 30. Rc1 Qxc7 31. dxc7 Rc8 32. Rcd1 Bf8 33. Rxf8+
Rxf8 34. Rd8 Re1+ 35. Kh2 Ree8 36. c8=Q Rxd8 37. Qxb7 Rc8 38. a6 Rfe8 39. a7
Rf8 40. Kg3 c4 41. Kg4 c3 42. bxc3 Rc4+ 43. Kg3 Rxc3+ 44. Kh4 Rcc8 45. Kg5 Rc5+
46. Kg4 Rc4+ 47. Kg3 Rc3+ 48. Kh2 Rcc8 49. Qe7 Rce8 50. Qc7 Rc8 51. Qb7 Kg8 52.
Kg3 Rc3+ 53. Kh4 Rcc8 54. Qd7 Rcd8 55. Qe7 Rde8 56. Qc7 Rc8 57. Qb7 Kh8 58. Kg3
Rc3+ 59. Kh2 Rcc8 60. h4 h5 61. Qb2+ Kh7 62. Qb7+ Kh6 63. Qe7 Rf5 64. Qe3+ Kh7
65. Qe7+ Kh6 66. Qe3+ Kh7 67. g4 hxg4 68. Qe4 Rf3 69. Qb7+ 1-0

[Event "Camp. Arg. 83 - Semifinal (La Plata)"]
[Site "Calle 46 - No. 581 (La Plata)"]
[Date "2008.??.??"]
[Round "7.9"]
[White "Claverie, Raul Ricardo"]
[Black "Scarzello, Alejandro"]
[Result "1-0"]
[WhiteElo "2378"]
[BlackElo "2050"]
[PlyCount "61"]
[EventDate "2008.07.21"]

1. Nc3 c5 2. f4 Nc6 3. Nf3 d5 4. e4 e6 5. Bb5 Nge7 6. exd5 exd5 7. Qe2 Be6 8.
O-O g6 9. Ng5 Qd7 10. Re1 Bg4 11. Bxc6 bxc6 12. Qe5 Rg8 13. Nxh7 Bg7 14. Nf6+
Bxf6 15. Qxf6 Be6 16. b3 c4 17. Ba3 Qd8 18. bxc4 dxc4 19. Rab1 Rc8 20. Rb7 Rc7
21. Rxc7 Qxc7 22. Bc5 Qd7 23. Rb1 Nc8 24. Re1 Ne7 25. Re4 Nd5 26. Nxd5 cxd5 27.
Re5 a6 28. a3 d4 29. g3 a5 30. d3 c3 31. Rg5 1-0

[Event "Camp. Arg. 83 - Semifinal (La Plata)"]
[Site "Calle 46 - No. 581 (La Plata)"]
[Date "2008.07.26"]
[Round "7.10"]
[White "Barrionuevo, Pablo"]
[Black "De Luca, Christian Carlos"]
[Result "1-0"]
[WhiteElo "2363"]
[BlackElo "2125"]
[PlyCount "67"]
[EventDate "2008.07.21"]

1. d4 Nf6 2. c4 c6 3. Nc3 d5 4. e3 a6 5. Nf3 b5 6. c5 g6 7. Ne5 Bg7 8. Be2 O-O
9. O-O Be6 10. f4 Nfd7 11. Nd3 f6 12. a4 Bf7 13. axb5 cxb5 14. Nb4 a5 15. Nxb5
Qc8 16. Bd2 Nc6 17. Nxc6 Qxc6 18. Rxa5 Rxa5 19. Bxa5 Rb8 20. Qa4 Be8 21. Nc3
Qe6 22. Nxd5 Nb6 23. Qb4 Nxd5 24. Qxb8 Qxe3+ 25. Kh1 Qxe2 26. Qxe8+ Bf8 27. Re1
Qf2 28. Qc6 Qxd4 29. Qe6+ Kg7 30. c6 Qc5 31. b4 Qc3 32. c7 Nxc7 33. Bxc7 Qxc7
34. b5 1-0

[Event "Camp. Arg. 83 - Semifinal (La Plata)"]
[Site "Calle 46 - No. 581 (La Plata)"]
[Date "2008.07.26"]
[Round "7.11"]
[White "Fulgenzi, Ernesto"]
[Black "Restuccia, Francisco"]
[Result "1-0"]
[WhiteElo "2358"]
[BlackElo "2148"]
[PlyCount "111"]
[EventDate "2008.07.21"]

1. e4 c5 2. Nf3 d6 3. g3 a6 4. Bg2 Nc6 5. O-O Nf6 6. Nc3 g6 7. d3 Bg7 8. h3 O-O
9. Be3 e5 10. Qd2 Nd4 11. Kh2 Nh5 12. Nd5 Ne6 13. Ng5 h6 14. Nxe6 fxe6 15. Nc3
Nf4 16. f3 Nxg2 17. Kxg2 Kh7 18. Ne2 b6 19. b4 d5 20. bxc5 d4 21. Bf2 bxc5 22.
Rfb1 h5 23. c4 Ra7 24. Rb2 Raf7 25. Ng1 Bh6 26. Qe2 g5 27. g4 hxg4 28. hxg4 Kg6
29. Bg3 Bg7 30. Rab1 Bf6 31. Rb8 Qa5 32. Qc2 Rh8 33. Nh3 Rhf8 34. Rh1 Qc7 35.
Rbb1 Qa5 36. Rb8 Qc7 37. Rb2 Qe7 38. Ng1 Qc7 39. Rh5 Rh7 40. Rxh7 Qxh7 41. Nh3
Qc7 42. Qb3 Qa5 43. Qd1 Qc3 44. Rb8 Qa5 45. Qe2 Qc7 46. Rb1 Qa5 47. Be1 Qc7 48.
Bd2 Qd7 49. Rh1 Qa4 50. Bxg5 Bxg5 51. Nxg5 Kxg5 52. Qd2+ Kf6 53. Rh7 Rf7 54.
Qh6+ Ke7 55. Qg5+ Kd6 56. Rxf7 1-0

[Event "Camp. Arg. 83 - Semifinal (La Plata)"]
[Site "Calle 46 - No. 581 (La Plata)"]
[Date "2008.??.??"]
[Round "7.12"]
[White "Malbran, Guillermo"]
[Black "Pereyra, Horacio"]
[Result "1-0"]
[WhiteElo "2241"]
[BlackElo "2001"]
[PlyCount "47"]
[EventDate "2008.07.21"]

1. e4 c5 2. c3 e6 3. d4 b6 4. Nf3 d6 5. Bd3 Bb7 6. O-O Nf6 7. Qe2 Be7 8. Nbd2
cxd4 9. cxd4 d5 10. e5 Nfd7 11. a3 Nf8 12. g3 Nc6 13. b4 Qd7 14. Nb3 Ng6 15. h4
Bd8 16. b5 Na5 17. Nxa5 bxa5 18. a4 O-O 19. h5 Ne7 20. h6 g6 21. Ba3 Re8 22.
Qe3 Rc8 23. Bc5 Rf8 24. Qf4 1-0

[Event "Camp. Arg. 83 - Semifinal (La Plata)"]
[Site "Calle 46 - No. 581 (La Plata)"]
[Date "2008.07.26"]
[Round "7.13"]
[White "Sandrone, Mauricio"]
[Black "Tobares, Leandro"]
[Result "0-1"]
[WhiteElo "2062"]
[BlackElo "2210"]
[PlyCount "66"]
[EventDate "2008.07.21"]

1. d4 Nf6 2. c4 d6 3. Nc3 Nbd7 4. e4 e5 5. Be3 g6 6. Nf3 Bg7 7. Be2 O-O 8. O-O
c6 9. d5 c5 10. Qc2 h6 11. Nb5 Qe7 12. Nd2 Nh7 13. Rac1 a6 14. Nc3 f5 15. f3 f4
16. Bf2 Ndf6 17. b4 b6 18. bxc5 bxc5 19. Rb1 g5 20. Rb6 g4 21. Bh4 Ng5 22. Bxg5
hxg5 23. Qa4 gxf3 24. gxf3 Bd7 25. Qa3 g4 26. Rxa6 Rxa6 27. Qxa6 g3 28. hxg3
fxg3 29. Kg2 Nh5 30. Rh1 Qg5 31. Rxh5 Qxh5 32. Nf1 Bh3+ 33. Kxg3 Bxf1 0-1

[Event "Camp. Arg. 83 - Semifinal (La Plata)"]
[Site "Calle 46 - No. 581 (La Plata)"]
[Date "2008.??.??"]
[Round "7.14"]
[White "Sampaoli, Cristian"]
[Black "Palmiotto, Marcos Ivan"]
[Result "1-0"]
[WhiteElo "2201"]
[BlackElo "1925"]
[PlyCount "54"]
[EventDate "2008.07.21"]

1. d4 Nf6 2. c4 g6 3. Nc3 d5 4. cxd5 Nxd5 5. e4 Nxc3 6. bxc3 c5 7. Rb1 Bg7 8.
Nf3 O-O 9. Be2 cxd4 10. cxd4 Qa5+ 11. Bd2 Qxa2 12. O-O Qe6 13. Ng5 Qd7 14. d5
a6 15. Qb3 h6 16. Nf3 b5 17. Rfc1 Qb7 18. Bf4 Nd7 19. Rc7 Qb6 20. Rc6 Qa5 21.
Rbc1 g5 22. Bc7 Qa4 23. Qd3 b4 24. e5 Bb7 25. R6c4 Qb5 26. Qf5 Rfe8 27. e6 Nf6
1-0

[Event "Camp. Arg. 83 - Semifinal (La Plata)"]
[Site "Calle 46 - No. 581 (La Plata)"]
[Date "2008.07.26"]
[Round "7.16"]
[White "Lo Presti, Roberto Oscar"]
[Black "Giampa, Alejandro"]
[Result "0-1"]
[WhiteElo "2122"]
[BlackElo "2237"]
[PlyCount "110"]
[EventDate "2008.07.21"]

1. e4 c5 2. Nf3 g6 3. d4 cxd4 4. Nxd4 Nc6 5. Nc3 Bg7 6. Be3 Nf6 7. Bc4 O-O 8.
Bb3 a5 9. O-O a4 10. Nxa4 Nxe4 11. Nb5 d5 12. Bb6 Qd7 13. Nc7 Rxa4 14. Bxa4
Bxb2 15. Qxd5 Bxa1 16. Rxa1 Nc3 17. Qxd7 Bxd7 18. Bb3 Bf5 19. a4 Ne2+ 20. Kf1
Ned4 21. Bxd4 Nxd4 22. Ra2 e6 23. Nb5 Nxb3 24. cxb3 Bd3+ 25. Ke1 Bxb5 26. axb5
Rd8 27. Ra7 Rd7 28. Ke2 Kf8 29. Ke3 Ke7 30. g4 f5 31. gxf5 exf5 32. h4 Kf6 33.
b4 h6 34. f4 g5 35. hxg5+ hxg5 36. fxg5+ Kxg5 37. Ra8 Rd5 38. Rg8+ Kf6 39. b6
Rd6 40. Rh8 Ke5 41. Re8+ Re6 42. Rh8 Rxb6 43. Rh4 Ra6 44. Rc4 Rc6 45. Rh4 b5
46. Kd3 Rg6 47. Rh8 Rd6+ 48. Kc3 Rd5 49. Rc8 Kf4 50. Re8 Re5 51. Rd8 Ke4 52.
Ra8 f4 53. Rd8 Kf3 54. Rd3+ Kf2 55. Rd4 Ke3 0-1

[Event "Camp. Arg. 83 - Semifinal (La Plata)"]
[Site "Calle 46 - No. 581 (La Plata)"]
[Date "2008.07.26"]
[Round "7.18"]
[White "Lanza, Luciano"]
[Black "Amed, Stephanie"]
[Result "1/2-1/2"]
[WhiteElo "2188"]
[BlackElo "2099"]
[PlyCount "112"]
[EventDate "2008.07.21"]

1. e4 e6 2. d3 d5 3. Nd2 c5 4. Ngf3 Nc6 5. g3 g6 6. Bg2 Bg7 7. O-O Nge7 8. c3
b6 9. Re1 h6 10. exd5 exd5 11. d4 cxd4 12. Nxd4 Nxd4 13. cxd4 O-O 14. Nf3 Bb7
15. h4 Rc8 16. Bf4 Nc6 17. Qd2 Kh7 18. Bh3 Ra8 19. h5 g5 20. Qd3+ Kg8 21. Be5
Bc8 22. Bxg7 Kxg7 23. Bg2 Qd6 24. Ne5 Ne7 25. Re2 Bf5 26. Qb5 a6 27. Qb3 f6 28.
Ng6 Nxg6 29. hxg6 Rfd8 30. Rae1 Rd7 31. Re8 Rxe8 32. Rxe8 Bxg6 33. Ra8 b5 34.
Qc3 Rc7 35. Qa5 Qe7 36. Rxa6 Be8 37. Bf1 h5 38. Qa3 b4 39. Qf3 Rc1 40. Rb6 Bg6
41. a4 bxa3 42. bxa3 Ra1 43. a4 Rxa4 44. Qxd5 Ra7 45. Qb5 h4 46. gxh4 gxh4 47.
d5 Be4 48. Re6 Qf7 49. Qe8 Qxe8 50. Rxe8 Bxd5 51. Bg2 Bxg2 52. Kxg2 Kg6 53.
Rg8+ Kf5 54. Rh8 Kf4 55. Rxh4+ Kg5 56. Rh8 Ra2 1/2-1/2

[Event "Camp. Arg. 83 - Semifinal (La Plata)"]
[Site "Calle 46 - No. 581 (La Plata)"]
[Date "2008.??.??"]
[Round "7.20"]
[White "Bibiloni, Jorge"]
[Black "Pastor, Juan Martin"]
[Result "0-1"]
[WhiteElo "2153"]
[BlackElo "1964"]
[PlyCount "40"]
[EventDate "2008.07.21"]

1. e4 Nc6 2. Nf3 d5 3. e5 Bg4 4. d4 Bxf3 5. gxf3 e6 6. c3 a6 7. Nd2 Qh4 8. a4
f6 9. exf6 Nxf6 10. Be2 e5 11. Qb3 O-O-O 12. dxe5 Nxe5 13. Nf1 Bc5 14. Be3 Bxe3
15. Nxe3 Rhe8 16. Qc2 Nxf3+ 17. Kd1 Qxf2 18. Rf1 Qxe3 19. Rxf3 Ng4 20. Rg3 Qxg3
0-1

[Event "Camp. Arg. 83 - Semifinal (La Plata)"]
[Site "Calle 46 - No. 581 (La Plata)"]
[Date "2008.??.??"]
[Round "7.22"]
[White "Alcobedo, Damian"]
[Black "Rojo Lynch, Enrique"]
[Result "0-1"]
[WhiteElo "2123"]
[BlackElo "1898"]
[PlyCount "46"]
[EventDate "2008.07.21"]

1. e4 e5 2. d4 exd4 3. Qxd4 Nc6 4. Qe3 f5 5. exf5+ Be7 6. Nc3 Nf6 7. Bd2 O-O 8.
O-O-O d5 9. Qe1 Bxf5 10. f3 Nb4 11. g4 Bxc2 12. Qe6+ Kh8 13. Re1 Bd6 14. g5 Re8
15. Qh3 Rxe1+ 16. Bxe1 Bf4+ 17. Bd2 Qe7 18. Nge2 Bxd2+ 19. Kxd2 Re8 20. Nd1
Bxd1 21. gxf6 Qxf6 22. Kxd1 Qxb2 23. Ke1 Nd3+ 0-1

[Event "Camp. Arg. 83 - Semifinal (La Plata)"]
[Site "Calle 46 - No. 581 (La Plata)"]
[Date "2008.07.26"]
[Round "7.23"]
[White "Cirulli, Diego"]
[Black "Pacheco, Juan Jose"]
[Result "1/2-1/2"]
[WhiteElo "1984"]
[BlackElo "2091"]
[PlyCount "108"]
[EventDate "2008.07.21"]

1. e4 c5 2. Nc3 Nc6 3. f4 g6 4. Nf3 Bg7 5. Bb5 e6 6. Bxc6 bxc6 7. e5 d5 8. exd6
Nf6 9. O-O O-O 10. d3 Qxd6 11. Ne5 Ba6 12. Qf3 c4 13. dxc4 Nd7 14. Nxd7 Qxd7
15. Rd1 Qc7 16. b3 c5 17. Bb2 Bb7 18. Qf1 Bd4+ 19. Rxd4 cxd4 20. Nb5 Qc6 21.
Nxd4 Qc5 22. Re1 Rfd8 23. Qf2 Rd7 24. Re5 Qf8 25. Qe3 Rad8 26. h3 Qe7 27. Kh2
Ba8 28. f5 Rxd4 29. Bxd4 Qb7 30. Qf2 Rxd4 31. fxe6 fxe6 32. Rxe6 Rd8 33. Qe2
Qc7+ 34. Kg1 Qf7 35. c5 Qd7 36. Rd6 Qe8 37. Qc4+ Kf8 38. Qf4+ Kg8 39. Qc4+ Kf8
40. Qd4 Rxd6 41. Qh8+ Kf7 42. Qxh7+ Ke6 43. cxd6 Kxd6 44. Qh4 Qe3+ 45. Kh2 Qe5+
46. Kg1 Qe3+ 47. Kh1 Qe4 48. Qd8+ Ke5 49. Qg5+ Kd4 50. Qd2+ Ke5 51. c4 Qb1+ 52.
Kh2 Qe4 53. Qb2+ Ke6 54. Qf2 Qe5+ 1/2-1/2